000 01459cam a22002054a 4500
005 20250605164207.0
008 250528s ||||||||||||||||||||||||d
035 _a20106
020 _a750626089
040 _aGR-AtMCL
_bgre
_dGR-AtMCL
_eAACR2
245 1 _aPhysiotherapy / A Psychological Approach
250 _a2nd
260 _bButterworth Heinemann,
_c1997
300 _a438
520 _aThis book applies theoretical expertise in psychology and sociology to physiotherapy practice. Preface, Psychosocial Influences on Health Care Practice, Society and the Changing Nature of Illness and Disease, Inequalities in Health, Institutional and Community Living, Sex and Gender and Health Care, Health Care for People from Ethnic Minority Groups, Ageism, The Attitudes of Health Professionals Towards Disabled People, The Experience of Illness and Disability, The Psychology and Sociology of Pain, Psychological Principles Applied to Sports Injuries, Death and Dying and Bereavement, Dimensions of Impairment and Disability, Communication in Physiotherapy Practice, Interpersonal Communication, Clinical Interviewing, The Powerful Placebo, Psychosocial Aspects of Physiotherapy Practice, Ethics and Moral Decision-Making, Sexuality and Disability, Health and Health Education and Physiotherapy Practice, Psychological Treatment in Physiotherapy Practice, Index.
700 1 _aFrench Sally
_96156
942 _cBK
999 _c5245
_d5245